000 01612nam2a22003851 4500
001 v19\rc\1376864
005 20250618085752.0
035 _a(NLR Aleph) 004513334
090 _a4791737
_c4791737
100 _a20060512d1855 |||y0rusy50 ca
101 0 _arus
102 _aRU
105 _ay z |||||
200 1 _aСвященное писание
210 _d1855
_aБ. м.
215 _a[2], XIV, 342 с.
461 0 _1001v19\rc\1376863
_12001#$aОписание славянских рукописей Московской синодальной библиотеки$eОтд. 1-3$f[Александр Горский, Капитон Невоструев]$vОтд. 1
_1700#1$aГорский$bА.В.$f1812-1875$gАлександр Васильевич
_94791731
_aГорский, А.В. (1812-1875)
_cМосква
_d1855-1869
_f[Александр Горский, Капитон Невоструев]
_nСинод. тип.
_oОтд. 1-3
_p5 т.
_tОписание славянских рукописей Московской синодальной библиотеки
_vОтд. 1
801 0 _aRU
_bNLR
_gpsbo
801 0 _aRU
_bRuMoRGB
_2psbo
801 1 _aRU
_bProSoft-M
_2rusmarc
852 _aNLR
_j18.50.3.25
852 _aNLR
_bБ
_j5630/О-611
899 _aRuMoRGB
_jA 281/221
899 _aRuMoRGB
_jJ 25/61
899 _aRuMoRGB
_jR 14/150
899 _aRuMoRGB
_jR 14/159
899 _aRuMoRGB
_jW 268/121
899 _aRuMoRGB
_jZ 104/393
899 _aRuMoRGB
_jМК
899 _aБАН
899 _aНБ СПбГУ
899 _aГПИБ
899 _aНБ МГУ
942 _cBOOK
980 _aNB